UBT Library

Writing with power : (Record no. 45138)

000 -LEADER
fixed length control field 00618cam a2200229 a 4500
001 - CONTROL NUMBER
control field 2786925
005 - DATE AND TIME OF LATEST TRANSACTION
control field 20180315081227.0
008 - FIXED-LENGTH DATA ELEMENTS--GENERAL INFORMATION
fixed length control field 810226s1981 nyu b 001 0 eng
010 ## - LIBRARY OF CONGRESS CONTROL NUMBER
LC control number 81001597
020 ## - INTERNATIONAL STANDARD BOOK NUMBER
International Standard Book Number 0195029127
020 ## - INTERNATIONAL STANDARD BOOK NUMBER
International Standard Book Number 0195029135 (pbk.)
040 ## - CATALOGING SOURCE
Original cataloging agency DLC
Transcribing agency DLC
Modifying agency DLC
041 ## - LANGUAGE CODE
Language code of text/sound track or separate title eng
080 ## - UNIVERSAL DECIMAL CLASSIFICATION NUMBER
Universal Decimal Classification number 808.042 ELB
082 00 - DEWEY DECIMAL CLASSIFICATION NUMBER
Classification number 808.042 ELB
Edition number 19
100 1# - Rafti
Rafti 25
101 ## - Shkurtesa
Shkurtesa EDU
245 10 - TITLE STATEMENT
Title Writing with power :
Statement of responsibility, etc Peter Elbow.
504 ## - BIBLIOGRAPHY, ETC. NOTE
Bibliography, etc Bibliography: p. 375-377.
906 ## - LOCAL DATA ELEMENT F, LDF (RLIN)
a 7
b cbc
c orignew
d 1
e ocip
f 19
g y-gencatlg
942 ## - ADDED ENTRY ELEMENTS (KOHA)
Source of classification or shelving scheme
Item type Books
Holdings
Withdrawn status Lost status Source of classification or shelving scheme Damaged status Not for loan Permanent location Current location Date acquired Total Checkouts Full call number Barcode Date last seen Price effective from Koha item type
          UBT - Lipjan UBT - Lipjan 03/15/2018   808.042 ELB 002-3001682 03/15/2018 03/15/2018 Books
UBT Library © 2015-2024. All rights reserved University Education for Business and Technology